LEADER 01174nam a2200301 i 4500 001 000000147030 003 CaOOAMICUS 005 20220519161459.0 008 060120s1986 it u000 u mul u 013 $a123964 020 $a88-17-16588-3 040 $aSeMil$bita 100 1 $aLaforgue, Jules <1860-1887>.$0(OLS)http://semarc/name/36551 245 13$aLe poesie /$cJules Laforgue ; a cura di Enrico Guaraldo. 260 $aMilano :$bBiblioteca Universale Rizzoli,$c1986. 300 $a357 p. ;$c18 cm. 490 0 $aBUR. L ;$v588 500 $aTesto francese a fronte. - Contiene : Bibliografia essenziale. - Fondo Ciprandi. 700 1 $aGuaraldo, Enrico.$0(OLS)http://semarc/name/52165 830 0$aBUR ;$v588.$0(OLS)http://semarc/title/440060 850 $aSeMil 852 $aSeMil$W1$xVenegono$y1$m1W I 223$j99629$B99629$CSeMilBibl$Z2$F108090 $81 941 1 $a1 961 $aOmaggio: Ciprandi dott. Paolo 996 $6020$a88-17-16588-3$9(OLS)http://semarc/number/135679 996 $6245$aLe poesie$9(OLS)http://semarc/title/10707 996 $6260$aMilano :$bBiblioteca Universale Rizzoli$9(OLS)http://semarc/publisher/31907 LEADER 00978nam a2200229 i 4500 001 000000046701 003 CaOOAMICUS 005 20121002000000.0 008 121002s1982 it u000 u ita u 013 $a17871 040 $aSeMil$bita 100 1 $aPassoni, Adolfo <1920-1990>.$0(OLS)http://semarc/name/23220 245 10$aNote storiche sulla parrocchia di Gavirate, dal 1500 al 1574. 260 $aGavirate :$bParrocchia di Gavirate,$c1982. 300 $a48 p. ;$c24 cm. 490 0 $aStoria della Parrocchia di Gavirate ;$v2 650 4$aGavirate.$0(OLS)http://semarc/subject/7818 830 0$aStoria della Parrocchia di Gavirate ;$v2.$0(OLS)http://semarc/title/411 850 $aSeMil 852 $aSeMil$W1$xVenegono$y1$m3P IV 217$j12856$B12856$CSeMilBibl$Z2$F12856 $81 996 $6245$aNote storiche sulla parrocchia di Gavirate, dal 1500 al 1574$9(OLS)http://semarc/title/69943 996 $6260$aGavirate :$bParrocchia di Gavirate$9(OLS)http://semarc/publisher/40819